|
|
|
|
| LEADER |
00969nam a2200265 a 4500 |
| 001 |
16781104 |
| 008 |
130311s2009 mau 001 0 eng d |
| 010 |
|
|
|a 2011014962
|
| 020 |
|
|
|a 9781592291366
|
| 040 |
|
|
|a DLC
|c DLC
|d BD-DhAAL
|
| 082 |
0 |
0 |
|a 657.0285/53
|2 23
|
| 100 |
1 |
|
|a Arif, Naeem.
|
| 245 |
1 |
0 |
|a SAP ERP financials :
|b configuration and design /
|c Naeem Arif and Sheikh Tauseef.
|
| 260 |
|
|
|a Boston, MA :
|b Galileo Press,
|c 2009.
|
| 300 |
|
|
|a 467 p. :
|b ill ;
|c 24 cm.
|
| 500 |
|
|
|a Includes index.
|
| 541 |
1 |
|
|e 00026698
|
| 630 |
0 |
0 |
|a SAP ERP.
|
| 650 |
|
0 |
|a Accounting
|x Computer programs.
|
| 650 |
|
0 |
|a Accounting
|x Data processing.
|
| 650 |
|
0 |
|a Investments.
|
| 700 |
1 |
|
|a Tauseef, Sheikh.
|
| 852 |
1 |
|
|a Ayesha Abed Library
|j General Shelf.
|
| 999 |
|
|
|c 13223
|d 13223
|
| 952 |
|
|
|0 0
|1 0
|2 ddc
|4 0
|6 657_028553000000000_ARI
|7 0
|9 22006
|a BRACUL
|b BRACUL
|c GEN
|d 2013-03-11
|e Development Book Agency
|g 6396.00
|l 1
|m 7
|o 657.028553 ARI
|p 3010026698
|r 2013-11-07
|s 2013-03-11
|t 1
|w 2013-03-11
|y BK
|